[Event "?"]
[Site "?"]
[Date "????.??.??"]
[Round "?"]
[White "Dueckstein, A."]
[Black "Niebling, F."]
[Result "1/2-1/2"]
[WhiteElo "2227"]
[BlackElo "2197"]
[PlyCount "82"]
[EventDate "2010.??.??"]
[WhiteTeam "Wien 1"]
[BlackTeam "Hessen 1"]

1. e4 e6 2. d4 d5 3. Nc3 Bb4 4. Qd3 dxe4 5. Qxe4 Nf6 6. Qh4 Bd7 7. Nf3 Bc6 8.
Ne5 Qd5 9. f3 Bb5 10. Kf2 Bxc3 11. bxc3 Bxf1 12. Rxf1 Nc6 13. Re1 O-O 14. Bg5
Nxe5 15. Rxe5 Qd8 16. Rd1 c6 17. Qg3 Re8 18. Bh6 g6 19. Bg5 Nh5 20. Bxd8 Nxg3
21. Bh4 Nf5 22. Bf6 Rac8 23. g4 Ne7 24. c4 Rc7 25. h4 Kf8 26. Re3 Rd7 27. h5
Ng8 28. Be5 f6 29. Bg3 gxh5 30. gxh5 Nh6 31. Ra3 a6 32. Rb3 Nf5 33. c3 Nxg3 34.
Kxg3 Kg7 35. Re1 Kh6 36. Rb2 Kxh5 37. Rbe2 Kg5 38. Rxe6 Rxe6 39. Rxe6 Kf5 40.
Re8 Rg7+ 41. Kf2 Rd7 1/2-1/2

[Event "?"]
[Site "?"]
[Date "????.??.??"]
[Round "?"]
[White "Böhnisch, M."]
[Black "Jansa, V."]
[Result "0-1"]
[WhiteElo "2337"]
[BlackElo "2495"]
[PlyCount "88"]
[EventDate "2010.??.??"]
[WhiteTeam "Leipzig"]
[BlackTeam "Tschechien"]
[BlackTeamCountry "CZE"]

1. Nf3 Nf6 2. d4 g6 3. c4 Bg7 4. Nc3 d5 5. cxd5 Nxd5 6. e4 Nxc3 7. bxc3 c5 8.
Be2 Nc6 9. Be3 Bg4 10. e5 O-O 11. O-O Rc8 12. Rb1 Qd7 13. h3 Be6 14. Rb2 cxd4
15. cxd4 Bd5 16. Nd2 Rfd8 17. f4 e6 18. Qb1 b6 19. Kh2 Ne7 20. Bf2 Qb7 21. g3
h5 22. Rc2 Bh6 23. h4 Nf5 24. Rfc1 Bf8 25. Bd3 Ba3 26. Rxc8 Rxc8 27. Rxc8+ Qxc8
28. Ne4 Be7 29. a4 Qd7 30. Nc3 Bc6 31. Bxf5 gxf5 32. Qb3 Qb7 33. Qc4 Kg7 34.
Nb5 Bh1 35. Qf1 Bf3 36. Be1 Ba3 37. Bc3 Bd5 38. Qe2 Bf3 39. Qe3 Qd5 40. Nd6
Qa2+ 41. Qd2 Qb1 42. Qe1 Qd3 43. d5 Bxd5 44. Kg1 Qf3 0-1

[Event "?"]
[Site "?"]
[Date "????.??.??"]
[Round "?"]
[White "Böhlig, H."]
[Black "Pribyl, J."]
[Result "1/2-1/2"]
[WhiteElo "2242"]
[BlackElo "2344"]
[PlyCount "28"]
[EventDate "2010.??.??"]
[WhiteTeam "Leipzig"]
[BlackTeam "Tschechien"]
[BlackTeamCountry "CZE"]

1. Nf3 Nf6 2. c4 g6 3. g3 Bg7 4. Bg2 c6 5. O-O O-O 6. d4 d5 7. cxd5 cxd5 8. Ne5
Nc6 9. Nc3 e6 10. Nxc6 bxc6 11. Na4 Nd7 12. Bf4 Ba6 13. Rc1 Rc8 14. Qd2 Re8
1/2-1/2

[Event "?"]
[Site "?"]
[Date "????.??.??"]
[Round "?"]
[White "Trapl, J."]
[Black "Braun, G."]
[Result "1/2-1/2"]
[WhiteElo "2345"]
[BlackElo "2215"]
[PlyCount "107"]
[EventDate "2010.??.??"]
[WhiteTeam "Tschechien"]
[BlackTeam "Leipzig"]
[WhiteTeamCountry "CZE"]

1. c4 e5 2. Nc3 Be7 3. Nf3 d6 4. d4 Nc6 5. d5 Nb8 6. c5 Nf6 7. e4 O-O 8. Be2
Nbd7 9. cxd6 Bxd6 10. O-O a6 11. Qc2 Re8 12. Nh4 Nb6 13. g3 Bh3 14. Ng2 Rc8 15.
Be3 Ng4 16. Bxg4 Bxg4 17. f3 Bh3 18. Nd1 Rf8 19. Nf2 Bd7 20. Bc5 Na4 21. Be3
Qe7 22. b3 Nc5 23. Rac1 b6 24. Qd2 a5 25. Rfd1 Rfe8 26. Nh4 f6 27. Nf5 Bxf5 28.
exf5 Qd7 29. Qc2 Na6 30. Qc4 Nb8 31. Qg4 Ba3 32. Rc2 Kh8 33. Kg2 Na6 34. Qe4
Bc5 35. g4 Bxe3 36. Qxe3 Nb4 37. Rcd2 Rcd8 38. a3 Na6 39. Ne4 Qb5 40. Qc3 Qd7
41. Qc4 Nb8 42. Rc1 Rc8 43. Rdc2 Red8 44. d6 c5 45. b4 axb4 46. axb4 b5 47. Qd5
c4 48. Nc3 Nc6 49. Qxb5 Qxd6 50. Ne4 Qxb4 51. Qxb4 Nxb4 52. Rxc4 Rxc4 53. Rxc4
Nd5 54. Rc6 1/2-1/2

[Event "?"]
[Site "?"]
[Date "????.??.??"]
[Round "?"]
[White "Klundt, K."]
[Black "Rosen, W."]
[Result "1/2-1/2"]
[WhiteElo "2340"]
[BlackElo "2287"]
[PlyCount "92"]
[EventDate "2010.??.??"]
[WhiteTeam "Deutschland"]
[BlackTeam "Sfr. Katernberg"]
[WhiteTeamCountry "GER"]

1. e4 c5 2. Nf3 Nc6 3. d4 cxd4 4. Nxd4 Qb6 5. Nb3 Nf6 6. Nc3 e6 7. Bd3 a6 8.
O-O d6 9. Be3 Qc7 10. f4 b5 11. Qf3 Bb7 12. a3 Be7 13. Rae1 O-O 14. g4 b4 15.
axb4 Nxb4 16. g5 Nd7 17. Qh5 g6 18. Qh6 Rfe8 19. Rf3 Bf8 20. Qh4 Bg7 21. Rh3 h5
22. gxh6 Bf6 23. h7+ Kh8 24. Qf2 Rac8 25. Bd4 e5 26. fxe5 dxe5 27. Be3 Nxd3 28.
cxd3 Qd6 29. Rf1 Bg7 30. Bh6 f6 31. Na5 Ba8 32. Nc4 Qe6 33. Bxg7+ Kxg7 34. Qh4
Kh8 35. Rg3 g5 36. Qg4 Qxg4 37. Rxg4 Rb8 38. h4 gxh4 39. Rxh4 Re7 40. Ra1 Nc5
41. Ra5 Nxd3 42. Rxa6 Rxh7 43. Rxh7+ Kxh7 44. Rxf6 Nxb2 45. Nxe5 Rb3 46. Nd5
Nd3 1/2-1/2

[Event "?"]
[Site "?"]
[Date "????.??.??"]
[Round "?"]
[White "Krueger, E."]
[Black "Clemens, C."]
[Result "1/2-1/2"]
[WhiteElo "2248"]
[BlackElo "2314"]
[PlyCount "38"]
[EventDate "2010.??.??"]
[WhiteTeam "Sfr. Katernberg"]
[BlackTeam "Deutschland"]
[BlackTeamCountry "GER"]

1. d4 f5 2. Nf3 Nf6 3. g3 e6 4. Bg2 d5 5. O-O Bd6 6. c4 c6 7. b3 Qe7 8. Bb2 b6
9. Ne5 Bb7 10. Nd2 O-O 11. Ndf3 Nbd7 12. Nd3 a5 13. a4 Rac8 14. Nfe5 Rfd8 15.
Rc1 c5 16. e3 Rc7 17. Qc2 Ba6 18. Rfd1 Rdc8 19. cxd5 exd5 1/2-1/2

[Event "?"]
[Site "?"]
[Date "????.??.??"]
[Round "?"]
[White "Haakert, J."]
[Black "Neese, H."]
[Result "1-0"]
[WhiteElo "2392"]
[BlackElo "2246"]
[PlyCount "77"]
[EventDate "2010.??.??"]
[WhiteTeam "Deutschland"]
[BlackTeam "Sfr. Katernberg"]
[WhiteTeamCountry "GER"]

1. g3 d5 2. Bg2 c6 3. Nf3 Nf6 4. O-O Bf5 5. c4 e6 6. cxd5 exd5 7. d3 Be7 8. Nc3
O-O 9. Qc2 h6 10. e4 Bh7 11. Bf4 Na6 12. Rad1 dxe4 13. dxe4 Qa5 14. a3 Rad8 15.
Nd2 Qh5 16. h3 Nc5 17. g4 Qg6 18. Nc4 Nfd7 19. Bc7 Rc8 20. Bg3 Qe6 21. Nd6 Bxd6
22. Rxd6 Qe7 23. b4 Ne6 24. Rfd1 Nb6 25. f4 Nd5 26. f5 Ne3 27. Qd3 Nxd1 28.
Qxd1 Nd8 29. e5 Qg5 30. Ne4 Qe3+ 31. Kh2 Qxa3 32. Qd2 a5 33. Rxh6 f6 34. Nxf6+
gxf6 35. Rxf6 Qxb4 36. Qg5+ Kh8 37. e6 Nxe6 38. Rxe6 Qd4 39. Be5+ 1-0

[Event "?"]
[Site "?"]
[Date "????.??.??"]
[Round "?"]
[White "Ulrichsen, J."]
[Black "Turikov, V."]
[Result "0-1"]
[WhiteElo "2221"]
[BlackElo "2345"]
[PlyCount "126"]
[EventDate "2010.??.??"]
[WhiteTeam "Norwegen 1"]
[BlackTeam "St. Petersburg"]

1. d4 e6 2. Nf3 Nf6 3. Bg5 d5 4. e3 Nbd7 5. Bd3 h6 6. Bh4 c5 7. c3 Qb6 8. Qc2
Bd6 9. Nbd2 c4 10. Be2 Qc6 11. O-O b5 12. Bg3 Bxg3 13. hxg3 Bb7 14. a4 a6 15.
axb5 axb5 16. Rxa8+ Bxa8 17. b4 Qc7 18. Ra1 O-O 19. Ra5 Bc6 20. Bd1 Ne4 21.
Nxe4 dxe4 22. Nd2 f5 23. Qa2 Nf6 24. Nb1 Nd5 25. Qd2 Rd8 26. Na3 Qb7 27. g4 Ra8
28. Rxa8+ Qxa8 29. Qb2 f4 30. Nc2 g5 31. Kh2 Kg7 32. Kg1 Kf7 33. Kf1 Nf6 34. d5
Nxd5 35. exf4 Nxf4 36. Be2 Nd3 37. Bxd3 exd3 38. Ne3 Qa4 39. Ke1 Kf6 40. Kd2
Qa8 41. f3 Qa7 42. Qb1 Kg6 43. Qb2 e5 44. Qb1 e4 45. fxe4 Bxe4 46. g3 Bf3 47.
Qb2 Qd7 48. Qa1 Bxg4 49. Qa6+ Be6 50. Qa8 Kg7 51. Qe4 h5 52. Qe5+ Kg6 53. Qe4+
Kh6 54. Nd1 Qd5 55. Qe3 Bf5 56. Nf2 Qe6 57. Qf3 Bg6 58. g4 h4 59. Nh3 Qe5 60.
Nf2 Qf4+ 61. Qxf4 gxf4 62. Nh3 Be4 63. Nxf4 Kg5 0-1

[Event "?"]
[Site "?"]
[Date "????.??.??"]
[Round "?"]
[White "Karasev, V."]
[Black "Gundersen, H."]
[Result "1-0"]
[WhiteElo "2344"]
[BlackElo "2220"]
[PlyCount "91"]
[EventDate "2010.??.??"]
[WhiteTeam "St. Petersburg"]
[BlackTeam "Norwegen 1"]

1. e4 e6 2. b3 d5 3. Bb2 dxe4 4. Nc3 Nf6 5. Qe2 Be7 6. Nxe4 Nxe4 7. Qxe4 Bf6 8.
d4 Qd5 9. Bd3 Nc6 10. c3 b6 11. Nf3 Qxe4+ 12. Bxe4 Bb7 13. O-O O-O-O 14. Rfe1
g5 15. b4 g4 16. Nd2 Ne7 17. Bxb7+ Kxb7 18. Ne4 Bg7 19. Ng5 Rdf8 20. b5 h6 21.
Ba3 hxg5 22. Bxe7 Re8 23. Bxg5 Rh5 24. Bf4 Rxb5 25. a4 Rb3 26. Re3 Bf6 27. Rg3
Rg8 28. h3 Bh4 29. Rxg4 Rxg4 30. hxg4 Rxc3 31. g5 Rd3 32. g3 Rxd4 33. Kg2 f6
34. Be3 Rg4 35. Kh3 Rxg5 36. gxh4 Rg8 37. h5 c5 38. h6 Kc6 39. f3 Kd5 40. Rg1
Rh8 41. Rg6 Ke5 42. Kg4 c4 43. Bf4+ Kd5 44. Rxf6 c3 45. Rf7 Rg8+ 46. Rg7 1-0

[Event "?"]
[Site "?"]
[Date "????.??.??"]
[Round "?"]
[White "Hjertenes, O."]
[Black "Vager, B."]
[Result "1/2-1/2"]
[WhiteElo "2201"]
[BlackElo "2126"]
[PlyCount "27"]
[EventDate "2010.??.??"]
[WhiteTeam "Norwegen 1"]
[BlackTeam "St. Petersburg"]

1. Nf3 e6 2. g3 f5 3. c4 Nf6 4. Bg2 Be7 5. O-O O-O 6. b3 d6 7. d4 Qe8 8. e3
Nbd7 9. Nc3 h6 10. Ne1 e5 11. dxe5 dxe5 12. e4 fxe4 13. Nxe4 Nxe4 14. Bxe4
1/2-1/2

[Event "?"]
[Site "?"]
[Date "????.??.??"]
[Round "?"]
[White "Westerinen, H."]
[Black "Gunnarsson, G."]
[Result "1-0"]
[WhiteElo "2333"]
[BlackElo "2231"]
[PlyCount "107"]
[EventDate "2010.??.??"]
[WhiteTeam "Finnland"]
[BlackTeam "KR Reykjavik"]
[WhiteTeamCountry "FIN"]

1. e4 c5 2. Nf3 d6 3. d4 cxd4 4. Nxd4 Nf6 5. f3 a6 6. c4 e6 7. Nc3 Be7 8. Be3
Qc7 9. Rc1 O-O 10. Be2 Nc6 11. O-O Bd7 12. Nd5 exd5 13. cxd5 Rfc8 14. dxc6 bxc6
15. Qd2 a5 16. Bb5 Qb7 17. Ba4 g6 18. Rfd1 c5 19. Bxd7 Nxd7 20. Ne2 Rcb8 21.
Rc2 Qb4 22. Nc3 Nb6 23. Qe2 Bf8 24. Bf4 Rd8 25. a3 Qb3 26. Nb5 d5 27. Bc7 Nc4
28. Bxd8 Ne3 29. Rd3 Qxc2 30. Qxc2 Nxc2 31. Rxd5 Ne3 32. Rd7 a4 33. Bf6 Nc4 34.
Rb7 Bg7 35. Bxg7 Kxg7 36. Nc3 Kf6 37. Kf2 Ke6 38. Ke2 Rd8 39. Nd5 f5 40. Kd3
Ne5+ 41. Kc3 fxe4 42. fxe4 h5 43. Ra7 Ng4 44. Rxa4 Ke5 45. Kc4 Rb8 46. b4 Nf2
47. Nc3 Ng4 48. Ra5 Ne3+ 49. Kd3 Nxg2 50. Rxc5+ Kd6 51. a4 Ne1+ 52. Ke2 Nc2 53.
Ra5 Nd4+ 54. Ke3 1-0

[Event "?"]
[Site "?"]
[Date "????.??.??"]
[Round "?"]
[White "Finnlaugsson, G."]
[Black "Hurme, H."]
[Result "0-1"]
[WhiteElo "2121"]
[BlackElo "2343"]
[PlyCount "82"]
[EventDate "2010.??.??"]
[WhiteTeam "KR Reykjavik"]
[BlackTeam "Finnland"]
[BlackTeamCountry "FIN"]

1. e4 c5 2. Nf3 Nc6 3. d4 cxd4 4. Nxd4 g6 5. Nc3 Bg7 6. Be3 Nf6 7. Bc4 O-O 8.
Bb3 a5 9. h3 a4 10. Bc4 Nxe4 11. Bxf7+ Rxf7 12. Nxe4 Qb6 13. Ne2 Qxb2 14. Rb1
Qxa2 15. O-O Qc4 16. Ng5 Rf8 17. Qd2 a3 18. c3 b5 19. Rfc1 a2 20. Ra1 b4 21.
cxb4 Qxb4 22. Rxa2 Qxd2 23. Rxd2 Ne5 24. Nf4 h6 25. Ne4 Ra4 26. Nd5 e6 27. Ndc3
Rc4 28. Nd6 Rc6 29. Rdd1 Nc4 30. Ncb5 Ba6 31. Nxc4 Bxb5 32. Nd6 Rxc1 33. Rxc1
Bc6 34. Rd1 Ra8 35. Bd4 Bxd4 36. Rxd4 Kf8 37. Nc4 Ra4 38. Rf4+ Kg7 39. g3 g5
40. Rg4 Ra1+ 41. Kh2 Rh1# 0-1

[Event "?"]
[Site "?"]
[Date "????.??.??"]
[Round "?"]
[White "Havansi, E."]
[Black "Gunnarsson, M."]
[Result "1/2-1/2"]
[WhiteElo "2240"]
[BlackElo "2107"]
[PlyCount "46"]
[EventDate "2010.??.??"]
[WhiteTeam "Finnland"]
[BlackTeam "KR Reykjavik"]
[WhiteTeamCountry "FIN"]

1. c4 Nf6 2. g3 g6 3. b3 Bg7 4. Bb2 O-O 5. Bg2 Nc6 6. d4 d5 7. cxd5 Nxd5 8. Nf3
Bg4 9. O-O Qd7 10. Nbd2 Rad8 11. Nc4 Nb6 12. Nxb6 axb6 13. e3 e5 14. dxe5 Qf5
15. Qb1 Qh5 16. Nd4 Nxe5 17. f3 Bh3 18. Bxh3 Qxh3 19. Qc2 c5 20. Ne2 Qd7 21.
Bxe5 Bxe5 22. Rad1 Qc6 23. Kf2 Bf6 1/2-1/2

[Event "?"]
[Site "?"]
[Date "????.??.??"]
[Round "?"]
[White "Watzka, H."]
[Black "Baumbach, F."]
[Result "1/2-1/2"]
[WhiteElo "2296"]
[BlackElo "2261"]
[PlyCount "23"]
[EventDate "2010.??.??"]
[WhiteTeam "Steiermark"]
[BlackTeam "Berlin"]

1. e4 c5 2. Nf3 g6 3. c4 Nc6 4. d4 cxd4 5. Nxd4 Nf6 6. Nc3 d6 7. Be2 Nxd4 8.
Qxd4 Bg7 9. Be3 O-O 10. Qd2 Be6 11. Rc1 Qa5 12. O-O 1/2-1/2

[Event "?"]
[Site "?"]
[Date "????.??.??"]
[Round "?"]
[White "Postler, R."]
[Black "Nickl, K."]
[Result "1-0"]
[WhiteElo "2325"]
[BlackElo "2183"]
[PlyCount "57"]
[EventDate "2010.??.??"]
[WhiteTeam "Berlin"]
[BlackTeam "Steiermark"]

1. e4 e6 2. d4 d5 3. Nd2 Nf6 4. e5 Nfd7 5. f4 c5 6. c3 Nc6 7. Ndf3 cxd4 8. cxd4
a5 9. Bd3 Nb6 10. Ne2 a4 11. O-O Bd7 12. g4 h5 13. gxh5 Rxh5 14. Ng3 Rh8 15. f5
Be7 16. fxe6 Bxe6 17. Nf5 Bf8 18. Ng5 Kd7 19. Nd6 Bxd6 20. exd6 Qg8 21. Rxf7+
Bxf7 22. Qg4+ Kxd6 23. Bf4+ Ke7 24. Re1+ Kd8 25. Qf5 Be8 26. Ne6+ Kc8 27. Nf8+
Bd7 28. Re8+ Nd8 29. Qe5 1-0

[Event "?"]
[Site "?"]
[Date "????.??.??"]
[Round "?"]
[White "Kratschmer, H."]
[Black "Lieb, H."]
[Result "1/2-1/2"]
[WhiteElo "2160"]
[BlackElo "2249"]
[PlyCount "25"]
[EventDate "2010.??.??"]
[WhiteTeam "Steiermark"]
[BlackTeam "Berlin"]

1. d4 d5 2. Nf3 Nf6 3. e3 c6 4. c4 Bg4 5. Qb3 Qb6 6. Ne5 Qxb3 7. axb3 Nbd7 8.
cxd5 Nxe5 9. dxe5 Nxd5 10. Nc3 Nb4 11. Ra4 a5 12. Be2 Be6 13. O-O 1/2-1/2

[Event "?"]
[Site "?"]
[Date "????.??.??"]
[Round "?"]
[White "Brameyer, H."]
[Black "Pitzl, K."]
[Result "1/2-1/2"]
[WhiteElo "2237"]
[BlackElo "2108"]
[PlyCount "135"]
[EventDate "2010.??.??"]
[WhiteTeam "Berlin"]
[BlackTeam "Steiermark"]

1. d4 Nf6 2. Nf3 g6 3. c4 Bg7 4. Nc3 O-O 5. Bg5 c5 6. e3 cxd4 7. exd4 d6 8. Be2
Nc6 9. O-O Bf5 10. d5 Nb8 11. Nd4 Bd7 12. Qd2 a5 13. Bh6 Na6 14. Bxg7 Kxg7 15.
f4 Nc5 16. f5 Qb6 17. Kh1 Rae8 18. Rae1 e5 19. dxe6 fxe6 20. fxg6 hxg6 21. Rf4
Qd8 22. Rh4 Rh8 23. Rxh8 Rxh8 24. Bf3 Qb8 25. g3 d5 26. cxd5 Qxg3 27. Rg1 Qe5
28. Qg2 Be8 29. Nxe6+ Nxe6 30. dxe6 Qxe6 31. Bxb7 Rh4 32. Bf3 Ng4 33. Bxg4 Rxg4
34. Qxg4 Bc6+ 35. Qg2 Bxg2+ 36. Rxg2 Qe1+ 37. Rg1 Qd2 38. Rb1 Qc2 39. Kg1 Kh6
40. Rf1 Qxb2 41. Rf3 a4 42. Rg3 g5 43. Rh3+ Kg6 44. Rg3 a3 45. Rf3 g4 46. Rg3
Kf5 47. h3 gxh3 48. Rxh3 Kg4 49. Re3 Qd2 50. Rg3+ Kf4 51. Rh3 Qc2 52. Kf1 Kg4
53. Re3 Qd2 54. Rg3+ Kh4 55. Rf3 Qc2 56. Ke1 Kg4 57. Re3 Kf5 58. Kf1 Kf4 59.
Nd5+ Kf5 60. Nc3 Qd2 61. Rg3 Ke5 62. Rf3 Qb2 63. Rd3 Qc2 64. Rf3 Kd4 65. Ne2+
Ke4 66. Rxa3 Qb1+ 67. Kf2 Qb6+ 68. Ke1 1/2-1/2

[Event "?"]
[Site "?"]
[Date "????.??.??"]
[Round "?"]
[White "Liebert, H."]
[Black "Sloth, J."]
[Result "1-0"]
[WhiteElo "2255"]
[BlackElo "2300"]
[PlyCount "85"]
[EventDate "2010.??.??"]
[WhiteTeam "Sachsen-Anhalt"]
[BlackTeam "Dänemark 1"]

1. c4 b6 2. d4 e6 3. Nf3 Bb7 4. e3 Nf6 5. Be2 Bb4+ 6. Nbd2 O-O 7. O-O a5 8. a3
Be7 9. b3 d5 10. Bb2 Nbd7 11. Rc1 c5 12. cxd5 exd5 13. Bb5 Ne4 14. Nxe4 dxe4
15. Nd2 Nf6 16. Nc4 Rc8 17. a4 Bc6 18. Bxc6 Rxc6 19. dxc5 Bxc5 20. Qxd8 Rxd8
21. Nxb6 Rxb6 22. Rxc5 Rxb3 23. Bxf6 gxf6 24. Rxa5 Rd2 25. g4 Ra3 26. Rc1 Raa2
27. Rf5 Rxa4 28. Rxf6 Kg7 29. g5 Rd7 30. Rc8 Ra5 31. h4 Re5 32. Kg2 Rdd5 33.
Rf4 Rd7 34. Rc4 Rde7 35. Rc6 R5e6 36. Rxe6 Rxe6 37. Kg3 h5 38. Rf6 Re7 39. Rh6
Rc7 40. Rxh5 Rc1 41. Rh6 Rg1+ 42. Kh2 Rg4 43. Kh3 1-0

[Event "?"]
[Site "?"]
[Date "????.??.??"]
[Round "?"]
[White "Hamm, G."]
[Black "Kolbak, J."]
[Result "0-1"]
[WhiteElo "2124"]
[BlackElo "2344"]
[PlyCount "132"]
[EventDate "2010.??.??"]
[WhiteTeam "Sachsen-Anhalt"]
[BlackTeam "Dänemark 1"]

1. e4 c6 2. d3 d5 3. Nd2 e5 4. Ngf3 Nd7 5. g3 Ngf6 6. Bg2 Bc5 7. O-O O-O 8. c3
Bb6 9. Qe2 Re8 10. h3 Qc7 11. Re1 a5 12. Nf1 dxe4 13. dxe4 Nc5 14. Nh4 Be6 15.
Bg5 Nfd7 16. Red1 f6 17. Be3 g6 18. Nd2 Qb8 19. Nc4 Bc7 20. b3 b5 21. Nb2 a4
22. b4 Nb7 23. Nd3 Nb6 24. Nc5 Nxc5 25. Bxc5 Nd7 26. Be3 Qb7 27. Bf1 Rad8 28.
Rd2 Nb6 29. Qf3 Rxd2 30. Bxd2 Bd8 31. Ng2 Qd7 32. Be3 Nc4 33. Rd1 Qc8 34. Bxc4
Bxc4 35. Rd2 Qxh3 36. Bc5 Qc8 37. Ne3 Be6 38. a3 Kg7 39. Qe2 Bc7 40. c4 bxc4
41. Nxc4 Rd8 42. Na5 Rxd2 43. Qxd2 Qa6 44. Kg2 Qb5 45. Be3 c5 46. Qc3 c4 47. f3
h5 48. Kh2 g5 49. Kg2 g4 50. fxg4 hxg4 51. Bc1 Qe8 52. Qe3 Qh5 53. Nc6 Qh3+ 54.
Kg1 Bd6 55. b5 Bd7 56. Bd2 Kg6 57. Bc3 Qh8 58. Bd2 Qf8 59. Qe2 Bxa3 60. Qxc4
Qc5+ 61. Qxc5 Bxc5+ 62. Kf1 Kf7 63. Ke2 Bxc6 64. bxc6 Ke6 65. Kd3 Kd6 66. Kc4
Kxc6 0-1

[Event "?"]
[Site "?"]
[Date "????.??.??"]
[Round "?"]
[White "Sorensen, B."]
[Black "Liebscher, H."]
[Result "1-0"]
[WhiteElo "2240"]
[BlackElo "2107"]
[PlyCount "48"]
[EventDate "2010.??.??"]
[WhiteTeam "Dänemark 1"]
[BlackTeam "Sachsen-Anhalt"]

1. Nf3 Nf6 2. g3 b6 3. Bg2 Bb7 4. O-O e6 5. d3 d5 6. Nbd2 Bc5 7. c3 a5 8. Re1
a4 9. d4 Bd6 10. e4 Nxe4 11. Nxe4 dxe4 12. Ng5 f5 13. Nxe6 Qf6 14. d5 Nd7 15.
f3 Bxd5 16. Qxd5 Ra5 17. Qb7 Qxe6 18. Qc8+ Kf7 19. Qxh8 Nf8 20. fxe4 Be5 21.
Bf4 Bf6 22. exf5 Qxf5 23. Be4 Qh3 24. Bxh7 Rh5 1-0

[Event "?"]
[Site "?"]
[Date "????.??.??"]
[Round "?"]
[White "Wahlbom, M."]
[Black "Jones, I."]
[Result "1/2-1/2"]
[WhiteElo "2311"]
[BlackElo "2290"]
[PlyCount "72"]
[EventDate "2010.??.??"]
[WhiteTeam "Schweden 1"]
[BlackTeam "Wales"]
[BlackTeamCountry "WLS"]

1. e4 e5 2. Nf3 Nf6 3. Nxe5 d6 4. Nf3 Nxe4 5. d4 d5 6. Bd3 Nc6 7. O-O Be7 8. c4
Bf5 9. Nc3 Nxc3 10. bxc3 Bxd3 11. Qxd3 dxc4 12. Qxc4 O-O 13. Rb1 Na5 14. Qa4 b6
15. Re1 h6 16. c4 Bf6 17. Bb2 Re8 18. Bc3 Nb7 19. Qc6 Rxe1+ 20. Rxe1 Nd6 21.
Ne5 Rc8 22. h3 Nf5 23. Qe4 Nd6 24. Qg4 c6 25. Re3 Rc7 26. a4 Qc8 27. Qe2 Re7
28. Ng4 Rxe3 29. Nxf6+ gxf6 30. Qxe3 Qe6 31. Qxh6 Qxc4 32. Qxf6 Ne4 33. Qd8+
Kg7 34. Bd2 Nxd2 35. Qg5+ Kh7 36. Qxd2 Qxa4 1/2-1/2

[Event "?"]
[Site "?"]
[Date "????.??.??"]
[Round "?"]
[White "Bennett, P."]
[Black "Malmdin, N."]
[Result "0-1"]
[WhiteElo "2087"]
[BlackElo "2281"]
[PlyCount "74"]
[EventDate "2010.??.??"]
[WhiteTeam "Wales"]
[BlackTeam "Schweden 1"]
[WhiteTeamCountry "WLS"]

1. d4 Nf6 2. Nf3 c5 3. d5 g6 4. Nc3 Bg7 5. e4 d6 6. Bb5+ Bd7 7. a4 O-O 8. O-O
Na6 9. Nd2 Nb4 10. Be2 e6 11. Nc4 exd5 12. exd5 Bf5 13. Ne3 Bc8 14. Bf3 Nd7 15.
g3 Ne5 16. Bg2 h5 17. h3 f5 18. f4 Nf7 19. Nb5 Na6 20. c3 Nb8 21. Qc2 a6 22.
Na3 b5 23. g4 hxg4 24. hxg4 Qh4 25. g5 Nxg5 26. fxg5 Be5 27. Bf3 Ra7 28. Qf2
Bg3 29. Qg2 Rh7 30. axb5 f4 31. Be4 Bh3 32. Qc2 fxe3 33. Rxf8+ Kxf8 34. Bxe3
Bf5 35. Rf1 Bh2+ 36. Kg2 Qg3+ 37. Kh1 Bg1+ 0-1

[Event "?"]
[Site "?"]
[Date "????.??.??"]
[Round "?"]
[White "Nordstrom, F."]
[Black "Thornton, J."]
[Result "1/2-1/2"]
[WhiteElo "2191"]
[BlackElo "2097"]
[PlyCount "68"]
[EventDate "2010.??.??"]
[WhiteTeam "Schweden 1"]
[BlackTeam "Wales"]
[BlackTeamCountry "WLS"]

1. d4 f5 2. g3 Nf6 3. Bg2 e6 4. Nf3 d5 5. O-O Bd6 6. b3 c6 7. c4 Qe7 8. Bb2 O-O
9. Nbd2 b6 10. Ne5 Bb7 11. Rc1 a5 12. e3 Ne4 13. Qe2 Nxd2 14. Qxd2 a4 15. Nd3
Nd7 16. b4 Ba6 17. b5 cxb5 18. cxd5 Bb7 19. dxe6 Bxg2 20. Kxg2 Qxe6 21. Bc3
Rac8 22. Kg1 Nf6 23. Bb4 Ne4 24. Qb2 Bxb4 25. Nxb4 Ng5 26. Rxc8 Rxc8 27. Rc1
Rxc1+ 28. Qxc1 Qc4 29. Qb2 Ne4 30. Kg2 g5 31. f3 Nc3 32. a3 g4 33. fxg4 fxg4
34. Qc2 Qb3 1/2-1/2

[Event "?"]
[Site "?"]
[Date "????.??.??"]
[Round "?"]
[White "Van Geffen, B."]
[Black "Ager, J."]
[Result "1-0"]
[WhiteElo "2174"]
[BlackElo "2223"]
[PlyCount "53"]
[EventDate "2010.??.??"]
[WhiteTeam "Oranjeteam 1"]
[BlackTeam "Salzburg"]

1. d4 Nf6 2. Nc3 d5 3. Bg5 Nbd7 4. f3 h6 5. Bh4 c6 6. Qd2 b5 7. a3 Qb6 8. e4 e6
9. e5 Ng8 10. f4 Ne7 11. Nf3 a6 12. Bf2 Qc7 13. Bd3 Rb8 14. O-O c5 15. dxc5
Nxc5 16. Nd4 g6 17. b4 Nxd3 18. cxd3 g5 19. Rac1 gxf4 20. Nxd5 Qxe5 21. Nxe7
Bxe7 22. Nc6 Qd6 23. Nxb8 Qxb8 24. Qc3 O-O 25. Bc5 Bxc5+ 26. bxc5 e5 27. Rce1
1-0

[Event "?"]
[Site "?"]
[Date "????.??.??"]
[Round "?"]
[White "Hackbarth, W."]
[Black "Rost van Tonningen, O."]
[Result "1/2-1/2"]
[WhiteElo "2136"]
[BlackElo "2058"]
[PlyCount "45"]
[EventDate "2010.??.??"]
[WhiteTeam "Salzburg"]
[BlackTeam "Oranjeteam 1"]

1. c4 Nf6 2. d4 g6 3. Nc3 Bg7 4. e4 d6 5. h3 O-O 6. Be3 c5 7. d5 Qa5 8. Qd2 a6
9. f3 Re8 10. Bd3 Bd7 11. Nge2 b5 12. Kf2 bxc4 13. Bxc4 Bb5 14. Nxb5 axb5 15.
Qxa5 Rxa5 16. Bd2 b4 17. a3 Nbd7 18. axb4 Rxa1 19. Rxa1 Ne5 20. Rc1 Nfd7 21.
Bb5 Rb8 22. Bxd7 Nxd7 23. Rc2 1/2-1/2

[Event "?"]
[Site "?"]
[Date "????.??.??"]
[Round "?"]
[White "Pritchett, C."]
[Black "Happel, H."]
[Result "1-0"]
[WhiteElo "2366"]
[BlackElo "2181"]
[PlyCount "77"]
[EventDate "2010.??.??"]
[WhiteTeam "Schottland 1"]
[BlackTeam "Kgl SV  Den Haag"]

1. Nf3 Nf6 2. c4 e6 3. g3 c5 4. Bg2 Be7 5. O-O O-O 6. d4 cxd4 7. Nxd4 a6 8. Nc3
Qc7 9. Qd3 d6 10. b3 Nbd7 11. Bb2 Rb8 12. Rac1 b6 13. Nc6 Re8 14. Nxb8 Qxb8 15.
Ne4 Nxe4 16. Qxe4 Nc5 17. Qd4 Bf8 18. Rfd1 Qc7 19. b4 Nd7 20. Qe4 Nb8 21. a3
Be7 22. h4 Bf8 23. h5 h6 24. Bd4 Qd8 25. Be3 Qc7 26. Bf4 e5 27. Be3 f5 28. Qd5+
Be6 29. Qb7 Qxb7 30. Bxb7 b5 31. cxb5 axb5 32. Bd5 Nd7 33. Bxe6+ Rxe6 34. Rd5
Nf6 35. Rxb5 Nxh5 36. Rc8 f4 37. gxf4 exf4 38. Rxh5 fxe3 39. Rf5 1-0

[Event "?"]
[Site "?"]
[Date "????.??.??"]
[Round "?"]
[White "White, A."]
[Black "Lindner, J."]
[Result "1/2-1/2"]
[WhiteElo "2123"]
[BlackElo "2174"]
[PlyCount "30"]
[EventDate "2010.??.??"]
[WhiteTeam "Schottland 1"]
[BlackTeam "Kgl SV  Den Haag"]

1. e4 e6 2. d3 b5 3. d4 a6 4. a4 b4 5. c4 bxc3 6. bxc3 Bb7 7. Nd2 c5 8. Ngf3
cxd4 9. cxd4 Nf6 10. e5 Nd5 11. Bc4 Be7 12. O-O O-O 13. Ne4 f5 14. Nc5 Bc6 15.
Ne1 Bxc5 1/2-1/2

[Event "?"]
[Site "?"]
[Date "????.??.??"]
[Round "?"]
[White "Vink, W."]
[Black "Borwell, A."]
[Result "1/2-1/2"]
[WhiteElo "2001"]
[BlackElo "2018"]
[PlyCount "30"]
[EventDate "2010.??.??"]
[WhiteTeam "Kgl SV  Den Haag"]
[BlackTeam "Schottland 1"]

1. d4 Nf6 2. Nf3 e6 3. c4 b6 4. g3 Bb7 5. Bg2 Bb4+ 6. Bd2 a5 7. O-O O-O 8. Nc3
d6 9. Qc2 Nbd7 10. Rad1 Bxc3 11. Bxc3 Qe7 12. Ne1 Bxg2 13. Nxg2 Rfe8 14. b3 d5
15. Bb2 a4 1/2-1/2

[Event "?"]
[Site "?"]
[Date "????.??.??"]
[Round "?"]
[White "Carlsten, P."]
[Black "Rooze, J."]
[Result "0-1"]
[WhiteElo "2133"]
[BlackElo "2271"]
[PlyCount "64"]
[EventDate "2010.??.??"]
[WhiteTeam "Schweden 2"]
[BlackTeam "Belgien"]
[BlackTeamCountry "BEL"]

1. e4 c5 2. Nc3 Nc6 3. g3 g6 4. Bg2 Bg7 5. d3 d6 6. f4 Nf6 7. Nge2 Bd7 8. h3
Rb8 9. a4 a6 10. g4 b5 11. axb5 axb5 12. Ng3 h6 13. O-O b4 14. Nce2 Qb6 15. Kh1
h5 16. gxh5 Nxh5 17. Nxh5 Rxh5 18. Ng3 Rh7 19. f5 Kd8 20. Ne2 gxf5 21. exf5 Ne5
22. d4 cxd4 23. Qxd4 Qb5 24. Qf2 Qc4 25. c3 Bc6 26. Nf4 Ng4 27. Qg1 bxc3 28. b3
Qd3 29. Be3 Qxe3 30. Qxe3 Bxg2+ 31. Nxg2 Nxe3 32. Nxe3 Rxh3+ 0-1